MARC details
| 000 -LEADER |
| campo de control de longitud fija |
01613nam a22004577a 4500 |
| 003 - IDENTIFICADOR DE NÚMERO DE CONTROL |
| campo de control |
OSt |
| 005 - FECHA Y HORA DE LA ÚLTIMA TRANSACCIÓN |
| campo de control |
20230503092707.0 |
| 008 - DATOS DE LONGITUD FIJA--INFORMACIÓN GENERAL |
| campo de control de longitud fija |
221006b |||||||| |||| 00| 0 eng d |
| 040 ## - FUENTE DE CATALOGACIÓN |
| Centro/agencia transcriptor |
Biblioteca Lado V |
| 082 ## - NÚMERO DE LA CLASIFICACIÓN DECIMAL DEWEY |
| Número de clasificación |
701.18 |
| Número de ítem |
O48e |
| 100 ## - ENTRADA PRINCIPAL--NOMBRE DE PERSONA |
| 9 (RLIN) |
294 |
| Nombre de persona |
Olivares, Rosa |
| Término indicativo de función/relación |
editor |
| 245 ## - MENCIÓN DEL TÍTULO |
| Título |
Exit Express/ |
| Resto del título |
Revista de Información y Debate sobre arte actual/ |
| 260 ## - PUBLICACIÓN, DISTRIBUCIÓN, ETC. |
| Nombre del editor, distribuidor, etc. |
Olivares y Asociados S.L. |
| Lugar de publicación, distribución, etc. |
España |
| Fecha de publicación, distribución, etc. |
2009 |
| 300 ## - DESCRIPCIÓN FÍSICA |
| Dimensiones |
25x33cm |
| Extensión |
152p. |
| 366 ## - INFORMACIÓN SOBRE DISPONIBILIDAD COMERCIAL |
| Nota |
spa |
| 490 ## - MENCIÓN DE SERIE |
| Mención de serie |
Especial |
| Designación de volumen o secuencia |
2009 |
| 505 ## - NOTA DE CONTENIDO CON FORMATO |
| Título |
Editorial. |
| 505 ## - NOTA DE CONTENIDO CON FORMATO |
| Título |
La pintura? Bien, gracias |
| 505 ## - NOTA DE CONTENIDO CON FORMATO |
| Título |
Pintar sin pintar |
| 505 ## - NOTA DE CONTENIDO CON FORMATO |
| Título |
Hazme un dibujo por favor |
| 505 ## - NOTA DE CONTENIDO CON FORMATO |
| Título |
De película. El cine se instala en el museo |
| 505 ## - NOTA DE CONTENIDO CON FORMATO |
| Título |
El lugar de la escultura hoy |
| 505 ## - NOTA DE CONTENIDO CON FORMATO |
| Título |
Arte publico. La calle es de todos. |
| 505 ## - NOTA DE CONTENIDO CON FORMATO |
| Título |
Hacia otra arquitectura |
| 505 ## - NOTA DE CONTENIDO CON FORMATO |
| Título |
La imagen como documento |
| 505 ## - NOTA DE CONTENIDO CON FORMATO |
| Título |
Hablar y callarse |
| 505 ## - NOTA DE CONTENIDO CON FORMATO |
| Título |
Mujeres, arte y feminismo |
| 505 ## - NOTA DE CONTENIDO CON FORMATO |
| Título |
Arte y Tecnologia |
| 505 ## - NOTA DE CONTENIDO CON FORMATO |
| Título |
Arte y politica |
| 505 ## - NOTA DE CONTENIDO CON FORMATO |
| Título |
Religion y arte contemporaneo |
| 505 ## - NOTA DE CONTENIDO CON FORMATO |
| Título |
La raza y su doble |
| 505 ## - NOTA DE CONTENIDO CON FORMATO |
| Título |
Globalización y Post-colonialismo |
| 650 ## - PUNTO DE ACCESO ADICIONAL DE MATERIA--TÉRMINO DE MATERIA |
| Fuente del encabezamiento o término |
Tesauro de Arte & Arquitectura |
| Término de materia o nombre geográfico como elemento de entrada |
ARTE |
| 9 (RLIN) |
703 |
| 650 ## - PUNTO DE ACCESO ADICIONAL DE MATERIA--TÉRMINO DE MATERIA |
| Fuente del encabezamiento o término |
Tesauro de Arte & Arquitectura |
| Término de materia o nombre geográfico como elemento de entrada |
EXPOSICIONES |
| 650 ## - PUNTO DE ACCESO ADICIONAL DE MATERIA--TÉRMINO DE MATERIA |
| Fuente del encabezamiento o término |
Tesauro de Arte & Arquitectura |
| Término de materia o nombre geográfico como elemento de entrada |
CULTURA |
| 650 ## - PUNTO DE ACCESO ADICIONAL DE MATERIA--TÉRMINO DE MATERIA |
| Fuente del encabezamiento o término |
Tesauro de Arte & Arquitectura |
| Término de materia o nombre geográfico como elemento de entrada |
APRECIACION |
| 650 ## - PUNTO DE ACCESO ADICIONAL DE MATERIA--TÉRMINO DE MATERIA |
| Fuente del encabezamiento o término |
Tesauro de Arte & Arquitectura |
| Término de materia o nombre geográfico como elemento de entrada |
TEORIA |
| 650 ## - PUNTO DE ACCESO ADICIONAL DE MATERIA--TÉRMINO DE MATERIA |
| Fuente del encabezamiento o término |
Tesauro de Arte & Arquitectura |
| Término de materia o nombre geográfico como elemento de entrada |
LITERATURA |
| 650 ## - PUNTO DE ACCESO ADICIONAL DE MATERIA--TÉRMINO DE MATERIA |
| Fuente del encabezamiento o término |
Tesauro de Arte & Arquitectura |
| Término de materia o nombre geográfico como elemento de entrada |
ESPAÑA |
| 942 ## - ELEMENTOS DE ENTRADA SECUNDARIOS (KOHA) |
| Fuente del sistema de clasificación o colocación |
Clasificación Decimal Dewey |
| Tipo de ítem Koha |
Libros |
| Parte de la signatura que corresponde a la clasificación (Parte de la clasificación) |
701.18 |
| Parte de la signatura que identifica el ejemplar (Parte del ítem) |
O48e |
| Suprimir en OPAC |
No |